[Event "Challenge"]
[Site "http://www.queenalice.com/game.php?id=824878"]
[Date "2010.8.29"]
[Round "-"]
[White "tedguest86"]
[Black "Wattsy"]
[Result "1-0"]
[WhiteElo "1384"]
[BlackElo "1346"]

1. e4 e5 2. Nf3 Nf6 3. Nxe5 d6 4. Ng4 Nxe4 5. d3 Nf6 6. Nxf6+ Qxf6 7. Qe2+ Be7
8. Nc3 O-O 9. Nd5 Qe5 10. Qxe5 dxe5 11. Nxe7+ Kh8 12. Nxc8 Rxc8 13. g3 1-0

[Event "Challenge"]
[Site "http://www.queenalice.com/game.php?id=826697"]
[Date "2010.9.2"]
[Round "-"]
[White "tedguest86"]
[Black "Wattsy"]
[Result "1-0"]
[WhiteElo "1418"]
[BlackElo "1427"]

1. d4 Nf6 2. Nf3 d5 3. Nc3 e6 4. e3 b6 5. Bd3 c5 6. O-O c4 7. Be2 Bd6 8. Nb5 Nc6
9. c3 e5 10. dxe5 Nxe5 11. e4 Be6 12. exd5 Nxd5 13. Nxe5 Bxe5 14. Bxc4 O-O 15.
f4 Nxf4 16. Bxf4 Bxf4 17. Rxf4 Qxd1+ 18. Rxd1 a6 19. Nc7 Ra7 20. Nxe6 1-0

[Event "Challenge"]
[Site "http://www.queenalice.com/game.php?id=835116"]
[Date "2010.9.19"]
[Round "-"]
[White "Wattsy"]
[Black "tedguest86"]
[Result "1-0"]
[WhiteElo "1423"]
[BlackElo "1451"]

1. d4 d5 2. c4 Nf6 3. cxd5 Nxd5 4. Nf3 e6 5. e4 Nf6 6. Nc3 Bb4 7. a3 Bxc3+ 8.
bxc3 Nxe4 9. Bb2 O-O 10. c4 Nc6 11. Bd3 Ng5 12. d5 exd5 13. Nxg5 Qxg5 14. cxd5
Qxd5 15. Bxh7+ Kxh7 16. Qxd5 Be6 17. Qg5 f6 18. Qh5+ Kg8 19. O-O Nd4 20. Bxd4
1-0

[Event "Challenge"]
[Site "http://www.queenalice.com/game.php?id=844072"]
[Date "2010.10.10"]
[Round "-"]
[White "Wattsy"]
[Black "tedguest86"]
[Result "1-0"]
[WhiteElo "1440"]
[BlackElo "1434"]

1. e4 e5 2. Nf3 Nc6 3. Bc4 Nf6 4. Ng5 Ke7 5. Nxf7 Qe8 6. Nxh8 Nxe4 7. Qg4 Nf6 8.
Qf3 Nd4 9. Qd3 c5 10. c3 e4 11. Qg3 d5 12. Bxd5 Nc2+ 13. Kd1 Nxa1 14. Re1 Bf5
15. Qe5+ 1-0

[Event "Challenge"]
[Site "http://www.queenalice.com/game.php?id=870502"]
[Date "2010.12.11"]
[Round "-"]
[White "tedguest86"]
[Black "Wattsy"]
[Result "0-1"]
[WhiteElo "1416"]
[BlackElo "1456"]

1. d4 Nf6 2. Nf3 g6 3. Bg5 Bg7 4. Nc3 d5 5. Bxf6 Bxf6 6. e4 c6 7. exd5 cxd5 8.
Bb5+ Bd7 9. Bxd7+ Qxd7 10. O-O O-O 11. b3 Rc8 12. Qd3 Qc6 13. Nb5 a6 14. Nc3
Qxc3 15. Qxc3 Rxc3 16. Rfe1 Nc6 17. Ne5 Nxd4 18. Rac1 Rac8 19. Nd7 Bg5 20. Rcd1
Nxc2 21. Re5 f6 22. Rexd5 Nb4 23. R5d2 Bxd2 24. g3 Rc1 0-1

[Event "10 - Slowly!"]
[Site "http://www.queenalice.com/game.php?id=887090"]
[Date "2011.1.17"]
[Round "-"]
[White "mahjones"]
[Black "Wattsy"]
[Result "1-0"]
[WhiteElo "2066"]
[BlackElo "1451"]

1. e4 c5 2. f4 Nc6 3. Nf3 d6 4. Bc4 Nf6 5. d3 d5 6. exd5 Nxd5 7. O-O Nf6 8. Be3
Bg4 9. Bxc5 g6 10. h3 Bxf3 11. Rxf3 Nd4 12. Re3 e6 13. Bxf8 Rxf8 14. c3 Nf5 15.
Re2 Qb6+ 16. Kh2 Qc7 17. Bb5+ Ke7 18. g3 a6 19. Bc4 g5 20. Qf1 h5 21. Nd2 h4 22.
gxh4 gxh4 23. Qf3 Rh8 24. Ne4 Nxe4 25. Rxe4 Nd6 26. Rd4 b5 27. Bb3 Rag8 28. Rg1
Rxg1 29. Kxg1 Rg8+ 30. Kf2 Rg3 31. Qh5 Nf5 32. Re4 Rxh3 33. Qxf5 Rh2+ 34. Kg1
Rxb2 35. Qg5+ f6 36. Rxe6+ Kd7 37. Qd5+ Kc8 38. Re8+ 1-0

[Event "Challenge"]
[Site "http://www.queenalice.com/game.php?id=887186"]
[Date "2011.1.17"]
[Round "-"]
[White "Wattsy"]
[Black "tedguest86"]
[Result "0-1"]
[WhiteElo "1470"]
[BlackElo "1402"]

1. e4 e5 2. Nf3 Nc6 3. Bc4 d6 4. O-O Bg4 5. h3 Bxf3 6. Qxf3 f6 7. Nc3 Nd4 8. Qg3
Nxc2 9. Rb1 Nd4 10. f4 Qd7 11. fxe5 dxe5 12. Qh4 O-O-O 13. d3 b5 14. Nxb5 Nxb5
15. Bb3 Qxd3 16. Qg4+ Kb8 17. Be3 Qxe3+ 18. Rf2 Bc5 0-1

[Event "Let's Play Chess!"]
[Site "http://www.queenalice.com/game.php?id=887188"]
[Date "2011.1.17"]
[Round "-"]
[White "Wattsy"]
[Black "arkadiusz42"]
[Result "1-0"]
[WhiteElo "1445"]
[BlackElo "1601"]

1. e4 e5 2. Nf3 Nc6 3. Bc4 Nf6 4. Ng5 h6 5. Nxf7 Nxe4 6. Nxd8 Nxd8 7. Qh5+ Nf7
8. Qxf7+ Kd8 9. Nc3 Nd6 10. Qd5 Be7 11. O-O Bf6 12. f4 Re8 13. d3 Rb8 14. Be3 b6
15. fxe5 Rxe5 16. Qf3 Bb7 17. Qe2 c5 18. Nb5 Nxb5 19. Bxb5 a6 20. Bc4 b5 21. Bf7
Rg5 22. Bxg5 hxg5 23. Rae1 Kc7 24. c4 Bd4+ 25. Kh1 Bxb2 26. Qxb2 Bc6 27. Qe5+ d6
28. Qe7+ Kb6 29. Qxd6 Rh8 30. cxb5 axb5 31. a4 b4 32. Bd5 Rc8 33. Ra1 Ra8 34.
Qxc6+ Ka7 35. Rf7+ 1-0

[Event "AUTO-OPEN-2232"]
[Site "http://www.queenalice.com/game.php?id=887207"]
[Date "2011.1.17"]
[Round "1"]
[White "Wattsy"]
[Black "expectnomercy"]
[Result "0-1"]
[WhiteElo "1465"]
[BlackElo "2014"]

1. e4 e5 2. Nf3 Nc6 3. Bc4 Nf6 4. Ng5 d5 5. exd5 Na5 6. Qe2 Nxc4 7. Qxc4 Nxd5 8.
Nc3 c6 9. O-O Qxg5 10. Nxd5 cxd5 11. Qb5+ Ke7 12. d4 Qg6 13. dxe5 Qc6 14. Qxc6
bxc6 15. Re1 Bf5 16. c3 Kd7 17. Bf4 Bc5 18. b4 Bb6 19. Rad1 a5 20. c4 axb4 21.
cxd5 c5 22. e6+ fxe6 23. dxe6+ Kc6 24. Re5 g6 25. h3 Bc7 26. Re2 Bxf4 27. Rde1
Rhe8 0-1

[Event "AUTO-OPEN-2232"]
[Site "http://www.queenalice.com/game.php?id=887208"]
[Date "2011.1.17"]
[Round "1"]
[White "expectnomercy"]
[Black "Wattsy"]
[Result "1-0"]
[WhiteElo "2004"]
[BlackElo "1470"]

1. e4 c5 2. Nf3 b6 3. d4 cxd4 4. Nxd4 e5 5. Nb5 Nf6 6. Nd6+ Bxd6 7. Qxd6 Nxe4 8.
Qd5 Qh4 9. g3 Qg4 10. Be2 Qxe2+ 11. Kxe2 1-0

[Event "AUTO-OPEN-2232"]
[Site "http://www.queenalice.com/game.php?id=887209"]
[Date "2011.1.17"]
[Round "1"]
[White "Wattsy"]
[Black "serginh0w"]
[Result "0-1"]
[WhiteElo "1467"]
[BlackElo "2047"]

1. d4 Nf6 2. c4 e6 3. Nc3 Bb4 4. Bd2 O-O 5. g3 d5 6. cxd5 exd5 7. a3 Bxc3 8.
Bxc3 Bf5 9. Bg2 Nbd7 10. Nf3 Re8 11. Nh4 Bg6 12. O-O c6 13. Nxg6 hxg6 14. f3 Qe7
15. Re1 Qe3+ 16. Kf1 Nb6 17. Bd2 Qxd4 18. Qc2 Nc4 19. Bc3 Ne3+ 0-1

[Event "AUTO-OPEN-2232"]
[Site "http://www.queenalice.com/game.php?id=887210"]
[Date "2011.1.17"]
[Round "1"]
[White "serginh0w"]
[Black "Wattsy"]
[Result "1/2-1/2"]
[WhiteElo "2021"]
[BlackElo "1463"]

1. e4 c5 2. Nf3 Nc6 3. d4 cxd4 4. Nxd4 Nxd4 5. Qxd4 d6 6. Bb5+ Bd7 7. a4 Qa5+ 8.
Bd2 Qb6 9. Bxd7+ Kxd7 10. Qxb6 axb6 11. Nc3 Nf6 12. O-O g6 13. Bg5 Bg7 14. Bxf6
Bxf6 15. Nd5 Bxb2 16. Nxb6+ Kc7 17. Ra2 Ra6 18. Rxb2 Rxb6 19. Rfb1 Rxb2 20. Rxb2
Ra8 21. Rb4 e5 22. Kf1 Kc6 23. Ke2 Ra7 1/2-1/2

[Event "AUTO-OPEN-2232"]
[Site "http://www.queenalice.com/game.php?id=887211"]
[Date "2011.1.17"]
[Round "1"]
[White "Wattsy"]
[Black "boparame"]
[Result "0-1"]
[WhiteElo "1447"]
[BlackElo "2308"]

1. d4 Nf6 2. c4 e5 3. Nf3 e4 4. Ng5 h6 5. Nh3 d5 6. e3 Bg4 7. f3 Bb4+ 8. Bd2
exf3 9. gxf3 Bxd2+ 10. Nxd2 Bxh3 11. Bxh3 Qe7 12. cxd5 Qxe3+ 13. Kf1 Qxd4 14.
Rc1 Kd8 15. Qe2 Nxd5 16. Ne4 f5 17. Bxf5 Ne3+ 18. Ke1 Qb4+ 19. Kf2 Nxf5 20.
Rhd1+ Kc8 21. b3 Qb6+ 22. Kg2 Ne3+ 23. Kh1 Nxd1 24. Qxd1 Rd8 25. Qf1 Nd7 26. Qh3
a5 27. Qg4 g6 28. Rd1 Ra6 29. Nf6 Qxf6 30. f4 Re6 31. h4 Rd6 32. Rc1 Qf5 0-1

[Event "AUTO-OPEN-2232"]
[Site "http://www.queenalice.com/game.php?id=887212"]
[Date "2011.1.17"]
[Round "1"]
[White "boparame"]
[Black "Wattsy"]
[Result "1-0"]
[WhiteElo "2287"]
[BlackElo "1449"]

1. e4 c5 2. Nf3 Nc6 3. c3 e5 4. d3 d5 5. Nbd2 d4 6. Be2 Nf6 7. O-O Be7 8. Qc2
O-O 9. Rd1 Nd7 10. a4 Na5 11. Nf1 Nb6 12. Nxe5 Bd6 13. Nf3 Bg4 14. h3 Bxf3 15.
Bxf3 f5 16. exf5 Rxf5 17. Bg4 Rf6 18. Bg5 Nd7 19. Nd2 Qf8 20. Bxd7 Rxf2 21. Be6+
Kh8 22. Rf1 Rxf1+ 23. Rxf1 Bh2+ 24. Kh1 Qxf1+ 25. Nxf1 1-0

[Event "Challenge"]
[Site "http://www.queenalice.com/game.php?id=894449"]
[Date "2011.2.1"]
[Round "-"]
[White "tedguest86"]
[Black "Wattsy"]
[Result "0-1"]
[WhiteElo "1421"]
[BlackElo "1477"]

1. d4 Nf6 2. Nf3 g6 3. Bg5 Bg7 4. Nc3 O-O 5. e4 d6 6. e5 dxe5 7. dxe5 Nfd7 8.
Qd4 Nc6 9. Qc4 Ndxe5 10. Nxe5 Nxe5 11. Qe4 c6 12. f4 Bf5 13. Qe2 Qa5 14. O-O-O
Bg4 0-1

[Event "Re"]
[Site "http://www.queenalice.com/game.php?id=903159"]
[Date "2011.2.20"]
[Round "-"]
[White "arkadiusz42"]
[Black "Wattsy"]
[Result "1-0"]
[WhiteElo "1575"]
[BlackElo "1504"]

1. e4 e5 2. Qf3 Nc6 3. Bc4 f6 4. c3 b6 5. Bxg8 Rxg8 6. Qh3 h6 7. d3 d5 8. g4
dxe4 9. dxe4 Ba6 10. Qh5+ Kd7 11. Qf7+ Ne7 12. Qh5 Qe8 13. Nf3 Qxh5 14. gxh5 Rd8
15. Na3 Bb7 16. Nd2 f5 17. Nac4 Ke6 18. O-O fxe4 19. Nxe4 Bxe4 20. Re1 b5 21.
Na5 Bf3 22. Be3 Kf6 23. Rac1 g6 24. Kf1 g5 25. Bxa7 Ra8 26. Re3 g4 27. Rce1 Rg5
28. Bd4 exd4 29. Re6+ Kg7 30. Nb7 Rxh5 31. Kg1 Bxb7 32. Rd1 1-0

[Event "Challenge"]
[Site "http://www.queenalice.com/game.php?id=911542"]
[Date "2011.3.11"]
[Round "-"]
[White "Wattsy"]
[Black "tedguest86"]
[Result "1-0"]
[WhiteElo "1491"]
[BlackElo "1407"]

1. c4 e5 2. Nc3 Nf6 3. g3 Nc6 4. Bg2 Bb4 5. Qb3 a5 6. a3 Bxc3 7. Qxc3 d5 8. cxd5
Nxd5 9. Qd3 Be6 10. Qb5 Nf6 11. Bxc6+ bxc6 12. Qxc6+ Bd7 13. Qc5 Qe7 14. Qxe7+
Kxe7 15. e3 Bc6 16. f3 e4 17. f4 h6 18. Ne2 g5 19. O-O Bb5 20. Re1 gxf4 21. gxf4
Bxe2 22. Rxe2 Rhg8+ 23. Kh1 Rab8 24. Rb1 c5 25. d4 cxd4 26. exd4 Rbd8 27. Be3 a4
28. f5 Nd5 29. Bxh6 e3 30. Rg1 Rh8 31. Bg5+ f6 32. Bxe3 Rb8 33. Bf4+ 1-0

[Event "Challenge"]
[Site "http://www.queenalice.com/game.php?id=938068"]
[Date "2011.5.14"]
[Round "-"]
[White "tedguest86"]
[Black "Wattsy"]
[Result "0-1"]
[WhiteElo "1394"]
[BlackElo "1491"]

1. d4 Nf6 2. Nf3 g6 3. e3 Bg7 4. b3 O-O 5. Bc4 e6 6. e4 Nxe4 7. Ng5 Nxg5 8. Bxg5
Qxg5 9. O-O Nc6 10. Nc3 Nxd4 0-1